NFL Player By Jersey Numbers and Team History - Statistics

General Stats
  • This quiz has been taken 64 times
    57 since last reset
  • The average score is 15 of 21
Answer Stats
Jersey Numbers Teams Player % Correct
9 Lions/Rams Matthew Stafford
100%
12 Pats/Bucs Tom Brady
100%
99 Texans/Cardinals JJ Watt
90%
4 Falcons/Packers/jets/Vikings Brett Favre
88%
88/18/81 Vikings/Raiders/Pats/Titans/49ers Randy Moss
88%
20/5 Jags/Rams Jalen Ramsey
83%
22 Cowboys/Cardinals Emmitt Smith
81%
1 Oilers/Vikings/Seahawks/Chiefs Warren Moon
81%
16/19 49ers/Chiefs Joe Montana
77%
17 Chargers/Colts Philip Rivers
77%
11/2 Eagles/Colts/Commanders Carson Wentz
73%
25 Eagles/Bills/Chiefs/Bucs Lesean McCoy
73%
7/1/2 Falcons/Eagles/Jets/Steelers Michael Vick
73%
6/17 Browns/Panthers/Rams Baker Mayfield
71%
11/2/6/85 Falcons/Titans/Bucs Julio Jones
71%
21/37 Falcons/49ers/Cowboys/Redskins/Ravens Deion Sanders
63%
5/7/19 Raven/Broncos/Jets/Eagles/Jets Joe Flacco
56%
28/23/26/8/21 Vikings/Cardinals/Saints/Redskins/Lions/Titans/Seahawks Adrian Peterson
54%
10/11/1/15 Eagles/Redskins/Bucs/Eagles/Rams/Raiders/Ravens DeSean Jackson
46%
20/22 Ravens/Texans/Jets Ed Reed
40%
83/19 Chargers/Dolphins/Pats/Broncos/Rams Wes Welker
31%
No matching quizzes found
Score Distribution
Percent of People with Each Score
Percentile by Number Answered
Your Score History
You have not taken this quiz since the last reset